000 01521nam a2200397 ia4500
003 OSt
005 20201125111943.0
008 200813t20152015cc ac j 000 1 chi d
020 _cRM398.00
_qset
020 _a9787530762837
_cRM19.90
_qpaperback
040 _aPPAK
_beng
_cPPAK
_erda
041 1 _achi
_heng
082 0 4 _223
_a813.54
090 0 0 _a813.54
_bBRI
_dK
100 1 _6880-01
_aBrittain, Bill,
_d1930-
_eauthor.
245 1 0 _6880-02
_aWu mao qian de yuanwang = The wish giver /
_cBi'er Bulitan zhu ; Andelu Gelasi hui ; Sui Rongyi yi ; Duan Lixin gai bian.
246 3 _iTranslation of:
_aWish giver
250 _aDi 1 ban.
264 1 _aTianjin Shi :
_bXin lei chu ban she,
_c2015
264 4 _c©2015
300 _a151 pages :
_billustrations ;
_c21 cm
336 _2rdacontent
_atext
337 _2rdamedia
_aunmediated
338 _2rdacarrier
_avolume
490 1 _aGuo ji da jiang xiao shuo. Zhu yin ban
500 _a "日本学校图书馆协议会选定图书"--Cover
546 _aParallel text in Chinese and Hanyu Pinyin.
650 1 0 _aChildren's stories, Chinese
_vTranslations from English
650 2 0 _a Chinese fiction
700 1 _aSui, Rongyi,
_etranslator.
700 1 _aDuan, Lixin,
_eadaptor.
830 0 _aGuo ji da jiang xiao shuo. Zhu yin ban
880 1 _6100-01
_a英国比尔 ,
_d1930-
_eauthor.
880 1 0 _6245-02
_a五毛钱的愿望 = The wish giver
_c(美)比尔·布里坦著 ; (美)安德鲁·格拉斯绘 ; 隋荣谊译 ; 段立欣改编
942 _2ddc
_cB
999 _c178617
_d178616